[Event "EU-ch 2nd"]
[Site "Ohrid"]
[Date "2001.06.14"]
[Round "13"]
[White "Turov, Maxim"]
[Black "Nedev, Trajce"]
[Result "1-0"]
[WhiteElo "2553"]
[BlackElo "2514"]
[Annotator "Gershon,A"]
[PlyCount "43"]
[EventDate "2001.06.01"]
[EventType "swiss"]
[EventRounds "13"]
[EventCountry "YUG"]
[SourceTitle "CBM 084"]
[Source "ChessBase"]
[SourceDate "2001.09.13"]
[SourceVersion "1"]
[SourceVersionDate "2001.09.13"]
[SourceQuality "1"]

{[%mdl 4]} 1. e4 c5 2. Nf3 e6 3. d3 Nc6 4. g3 Nge7 (4... g6 5. Bg2 Bg7 6. c3 ({
In some games white has played:} 6. h4 {immediately} h6 7. O-O Nge7 8. c3 d5 9.
Qe2 b6 10. e5 Nf5 11. Re1 O-O 12. Nbd2 Ba6 13. Nf1 Rb8 14. Bf4 Qe7 15. Ne3 Nxe3
16. Qxe3 Kh7 17. Nh2 $36 {[%csl Rh6][%cal Gh2g4,Rg4f6] 1-0 Vescovi,G-Maia,L/
Sao Paulo 2000/EXT 2001 (36)}) (6. O-O Nf6 7. c3 d5 8. e5 Nd7 9. d4 O-O 10. Bf4
cxd4 11. cxd4 f6 12. exf6 Qxf6 13. Bg5 Qf5 14. Nc3 h6 15. Be3 Nb6 16. b3 Bd7
17. Ne2 $1 {[%cal Ge2f4,Gf4d3]} Nc8 18. Nf4 N8e7 19. Nd3 Rad8 20. Re1 g5 21. h4
gxh4 22. Nxh4 Qf6 23. Nf4 Be8 24. Qg4 e5 $2 (24... Bf7 25. Rad1) 25. Ne6 exd4 (
25... Bd7 26. Qxg7+ Qxg7 27. Nxg7 Kxg7 28. dxe5 $16) 26. Bxh6 $18 {1-0
Kaidanov,G-Gulko,B/Seattle 2000/CBM 80 no vc (38)}) 6... Nge7 (6... d5 7. Qc2 {
is an example for a game where white does not push the 'h' pawn} Nge7 8. O-O
O-O 9. Re1 Qc7 10. Nbd2 b6 11. Nf1 Ba6 12. Bg5 h6 13. Bxe7 Nxe7 14. Rad1 Rac8
15. Nh4 g5 16. Nf3 Bb7 $15 {0-1 Vujic,B-Jurek,J/Wuertemberg 1998/EXT 2000 (55)}
) 7. h4 {A common plan. By threatenning to advance the 'h' pawn white forces
black to weaken his K side, and gets a long term initiative.} (7. Be3 d6 8. d4
cxd4 9. Nxd4 O-O 10. O-O d5 11. Nxc6 bxc6 12. Qa4 a5 13. Rd1 Ba6 14. Bc5 Bb5
15. Qa3 Re8 16. Nd2 Qc7 17. Rac1 $14 {1/2-1/2 Sadvakasov,D-Vidarsson,J/Elista
1998/CBM 66 ext (29)}) 7... d5 8. Qe2 b6 9. h5 dxe4 $2 (9... Ba6 $6 10. h6 Bf8
11. e5 {and black's pieces are going nowhere.}) (9... O-O {is worth serious
consideration} 10. hxg6 fxg6 11. Bh6 (11. Ng5 h6 12. exd5 exd5 13. Ne6 Bxe6 14.
Qxe6+ Kh7 {[%csl Ra1,Rb1,Rc1] black is ok}) 11... Bxh6 12. Rxh6 Ba6 {One shall
not forget that white is also playing with his K in the center, so black
always has chances for a counterplay} 13. Ng5 $140 Ne5 $40 {[%csl Rd3,Rf2]
[%cal Ya6e2]}) 10. dxe4 gxh5 $6 {[%csl Re8]} ({now:} 10... O-O {doesn't give
the same results as in the previous variation, since black does not have the
important resource: Ba6. However, to my opinion this was the less evil} 11.
hxg6 fxg6 12. Bh6 $40 {[%cal Gb1d2,Ge1c1]}) 11. Na3 {[%cal Gc1f4,Ya3b5]} h4 (
11... O-O 12. Rxh5 $16 {[%cal Gc1h6]}) 12. Rxh4 Ng6 (12... Bb7 13. Bg5 {
[%cal Ga1d1,Ya3b5]} Qb8 14. O-O-O $16 {/+-}) 13. Rh5 Nge5 14. Nxe5 Nxe5 15. Bf1
$1 {The B is much more useful on this /^} c4 (15... Bb7 16. Bf4 Ng6 17. Rd1 $18
) 16. Rxe5 $5 {a fancy move} (16. Nxc4 {would be easier} Ba6 17. Nd6+ Qxd6 18.
Qxa6) 16... Bxe5 17. Nxc4 $16 {Turov,M-Chebotarev,O/Elista 2001/CBM 83_01/
[Gershon] (27) It's clear that the small material sacrifise.}) 5. c3 (5. Bg2 g6
6. h4 h6 7. c3 Bg7 8. O-O e5 (8... d5 9. Qe2 b6 10. e5 Qc7 11. Re1 Bb7 12. Na3
a6 13. Nc2 d4 14. cxd4 cxd4 15. Ncxd4 Nxd4 16. Nxd4 Rd8 17. Bxb7 Qxb7 18. Nf3
$16 {1-0 Adams,M-Gurevich,M/Sarajevo 2000/CBM 77 (41)}) 9. a3 a5 10. Be3 d6 11.
d4 cxd4 12. cxd4 Bg4 13. d5 Nd4 14. Bxd4 exd4 15. Qd3 Qb6 16. Nbd2 O-O 17. Nc4
Qc5 18. Rac1 Bxf3 19. Bxf3 a4 20. h5 Rac8 21. Qd2 $36 {1/2-1/2 Timman,
J-Kramnik,V/Wijk aan Zee 2000/CBM 75 (39)}) (5. h4 h6 (5... d5 6. h5 e5 7. h6
dxe4 8. dxe4 Qxd1+ 9. Kxd1 Bg4 10. Be2 O-O-O+ 11. Ke1 gxh6 12. c3 f5 13. Bxh6
Bxh6 14. Rxh6 fxe4 15. Ng5 Bxe2 16. Kxe2 Nf5 17. Rh1 e3 $1 $13 {0-1 Sutovsky,
E-Lutz,C/Essen GER 2001/The Week in Chess 339 (37)}) 6. h5 d5 7. Nbd2 e5 8.
exd5 Nxd5 9. Nc4 Bd6 10. Bg2 Nf6 11. Nfd2 O-O 12. Bxc6 bxc6 13. b3 Bg4 14. f3
Be6 15. g4 $13 {1/2-1/2 Vallejo Pons,F-Tregubov,P/Saint Vincent 2000/CBM 78 
(25)}) 5... g6 6. h4 h6 7. d4 $5 {white is trying to push in the center before
developing his light B.} cxd4 8. cxd4 Bg7 9. Nc3 O-O $6 {Allowing white to
push his pawn to 'd6' , where it stands like a bone in a throat.} (9... d5 $142
10. e5 {[%cal Gf1d3] now white would've been able to develop the B to d3,
which is a much better place than g2 in such a structure.}) 10. d5 exd5 11.
exd5 Nb4 12. d6 Nf5 13. g4 $5 (13. Be2 Qa5 14. O-O Qc5 15. Bf4 {was another
possibility}) 13... Nd4 (13... Nxd6 14. Qxd6 (14. a3 Bxc3+ 15. bxc3 Qf6 16.
axb4 Qxc3+ 17. Bd2 Re8+ 18. Be2 Qxf3 $19) 14... Nc2+ 15. Kd1 Nxa1 16. Be3 (16.
Bc4 Qb6 17. Qxb6 axb6 18. Be3 d5 $17) 16... Qa5 17. Bc4 $40) 14. Nxd4 Bxd4 15.
Bg2 Re8+ (15... Qb6 16. O-O Qxd6 $2 17. Nb5 Bxf2+ 18. Kxf2 Qb6+ 19. Nd4 Nc6 20.
Be3 Qxb2+ 21. Qe2 $16) 16. Ne4 b6 17. O-O $16 Bg7 18. h5 {both K's are
seriously weakenned, but white's P on 'd6' is extremely disturbing thus giving
white a very big edge in any double sided game} gxh5 (18... Bb7 $142 19. Re1 g5
(19... gxh5 $2 20. g5 $1 hxg5 21. Qxh5 Nc2 22. Bxg5 Re5 23. Qh4 $1 $18) 20. Bd2
Na6 21. Bc3 $16) 19. g5 Ba6 (19... Bb7 20. Re1 {transposes to the previous
variation}) 20. gxh6 Bxf1 21. Qxh5 Bxg2 $2 {loses on the spot} ({essential was
} 21... Bd4 {but after} 22. Be3 $1 Bxb2 23. Rxf1 $40 {white would get a
decisive attack anyway}) 22. Qg4 $1 {there is no defence from mate in one} 1-0

[Event "Cappelle op 14th"]
[Site "Cappelle la Grande"]
[Date "1998.02.27"]
[Round "8"]
[White "Glek, Igor Vladimirovich"]
[Black "Saltaev, Mihail"]
[Result "1-0"]
[WhiteElo "2565"]
[BlackElo "2510"]
[Annotator "Glek,I"]
[PlyCount "57"]
[EventDate "1998.02.21"]
[EventType "swiss"]
[EventRounds "9"]
[EventCountry "FRA"]
[SourceTitle "CBM 063 Extra"]
[Source "ChessBase"]
[SourceDate "1998.04.29"]
[SourceVersion "1"]
[SourceVersionDate "1998.04.29"]
[SourceQuality "1"]

1. e4 c5 2. Nf3 e6 3. d3 Nc6 4. g3 Nf6 5. Bg2 d5 6. Qe2 g6 $6 7. O-O Bg7 8. Bg5
dxe4 (8... h6 9. exd5 $1 Qxd5 10. Be3 $36) 9. dxe4 Qc7 10. Nc3 O-O 11. Rad1 a6
12. Rfe1 h6 $6 {[#]} 13. Bxf6 $1 Bxf6 14. Qe3 $1 Nd4 15. Qxh6 Nxc2 16. e5 Bg7
17. Qh4 Nxe1 18. Ng5 Rd8 19. Rxe1 Rd4 20. Qh7+ Kf8 21. Re3 $1 Rg4 22. Nxf7 $1
Qxf7 23. Rf3 Bd7 24. Ne4 $1 Rxe4 25. Rxf7+ Kxf7 26. Bxe4 Rh8 27. Qxg6+ Kf8 28.
Qg5 Be8 29. Qd8 1-0

[Event "Porto San Giorgio op 12th"]
[Site "Porto San Giorgio"]
[Date "2000.08.24"]
[Round "5"]
[White "Glek, Igor Vladimirovich"]
[Black "Miezis, Normunds"]
[Result "1/2-1/2"]
[WhiteElo "2553"]
[BlackElo "2518"]
[Annotator "Glek,I"]
[PlyCount "59"]
[EventDate "2000.08.20"]
[EventType "swiss"]
[EventRounds "9"]
[EventCountry "ITA"]
[SourceTitle "EXT 2001"]
[Source "ChessBase"]
[SourceDate "2000.11.22"]
[SourceVersion "1"]
[SourceVersionDate "2000.11.22"]
[SourceQuality "1"]

1. e4 c5 2. Nf3 e6 3. Nc3 a6 4. g3 Nc6 5. Bg2 g5 $5 $146 (5... g6 6. d4 $16) (
5... Nf6) 6. d3 h6 7. Be3 d6 8. h4 (8. h3 $5) 8... g4 9. Nh2 h5 10. f3 gxf3 11.
Bxf3 Nf6 12. O-O (12. Qd2 $5) 12... Bh6 13. Bxh6 Rxh6 14. Kh1 Bd7 15. Qd2 Rg6
16. Ne2 Ne5 (16... e5 $5) 17. Bg2 Qe7 18. b4 Bc6 (18... cxb4 $13) 19. bxc5 dxc5
20. Qc3 Nfd7 21. Nf3 Qd6 22. Ng5 Rh6 (22... f6 23. Nf4 $1 fxg5 24. Nxg6 Nxg6
25. Qg7 $16) 23. Rad1 Qe7 24. d4 cxd4 25. Nxd4 Qc5 26. Qd2 Rg6 27. Qe2 (27.
Nxf7 $6 Nxf7 28. Nxc6 Qxc6 29. Rxf7 Kxf7 30. Qxd7+ (30. e5 Qc4 31. Qxd7+ Kg8
32. Qxb7 (32. Qe7 Rg7) 32... Rf8) 30... Qxd7 31. Rxd7+ Kf6) (27. Nxc6 $6 Qxc6)
27... Rh6 (27... Nf6 $1 $15 28. Nxc6 Qxc6 29. Rxf6 Rxf6 30. Qxh5 Qxc2 $17) (
27... Bb5 $2 28. Nxb5 axb5 29. Qxh5 Ra3 30. Rxd7 Rxg5 31. Rd8+ Kxd8 32. Qxg5+
Ke8 $16) 28. Qd2 (28. Nxc6 Qxc6 29. Rd4 $13) 28... Rg6 29. Qe2 Rh6 30. Qd2
1/2-1/2

[Event "ISR-chT"]
[Site "Israel"]
[Date "2002.03.09"]
[Round "6"]
[White "Pasman, Michael"]
[Black "Gofshtein, Leonid D"]
[Result "0-1"]
[WhiteElo "2310"]
[BlackElo "2498"]
[Annotator "Gofshtein,L"]
[PlyCount "50"]
[EventDate "2002.01.10"]
[EventType "team"]
[EventRounds "11"]
[EventCountry "ISR"]
[SourceTitle "CBM 088"]
[Source "ChessBase"]
[SourceDate "2002.03.21"]
[SourceVersion "1"]
[SourceVersionDate "2002.03.21"]
[SourceQuality "1"]

1. e4 c5 2. Nf3 e6 3. Nc3 a6 4. g3 b5 5. Bg2 Bb7 6. d4 Nf6 $5 {Rare move
having not bad reputation.More common 6...cd} (6... cxd4 7. Nxd4 b4 {As a rule
leads to replace of moves so as 7...Nf6 8.0-0 b4.} (7... Nf6 $5 8. O-O (8. Qe2
Qb6 $5 {This only move gives black good chance to finish their development.In
the case of usual 8...d6 or 8...Be7 white getting better chances due to the
threat e4-e5:} (8... d6 $6 9. O-O Nbd7 10. Nxe6 $1 fxe6 11. e5 Bxg2 12. exf6
Qxf6 $8 (12... Bxf1 $2 13. Qxe6+ $18) 13. Kxg2 $16 {time 0-1 Liiva,R-Kveinys,A/
Parnu-B 1996/CBM 52}) (8... Be7 9. O-O d6 10. e5 Bxg2 11. exf6 Bxf1 12. fxe7
$16) 9. Be3 (9. Nb3 d6 (9... Nc6 10. O-O d6 $132 {1/2-1/2 Galdunts,S-Mainka,R/
Recklinghausen 1997/EXP 60 (17)}) 10. O-O Nbd7 11. a4 b4 12. a5 Qc7 13. Na2 d5
$132 {1/2-1/2 Kraut,R-Kveinys,A/Marbach 1994/EXT 94 (24)}) 9... Bc5 10. O-O-O
Nc6 11. Nxc6 Bxe3+ 12. fxe3 dxc6 13. e5 Nd5 14. Ne4 O-O $132 {0-1 Mirumian,
V-Kozlov,O/Decin 1998/EXT 2000 (43)}) (8. Bg5 Be7 9. O-O b4 $5 10. Bxf6 Bxf6
11. Nce2 d5 $11 {0-1 Kalegin,E-Kuzuev,D/Omsk/Perm 1998/EXT 2000 (33)}) (8. a3
d6 (8... Nc6 9. O-O Qc7 10. Be3 Ne5 11. Nde2 Be7 12. h3 O-O 13. g4 d5 14. exd5
Rfd8 $132 {0-1 Pazos,P-Blanco Fernandez,A/Manzanillo 1991 (28)}) 9. O-O Qc7 $5
(9... Be7 $2 10. e5 Bxg2 11. exf6 Bxf1 12. fxe7 Qxe7 13. Qxf1 $16) 10. Re1 (10.
f4 Nc6 11. Nxc6 Bxc6 12. Qe2 Be7 13. Be3 O-O 14. Rad1 Rfe8 {1/2-1/2 Kveinys,
A-Espig,L/Muenster op 1993 (46)}) (10. Kh1 Nbd7 11. f4 Rc8 12. Nb3 {1/2-1/2
Tompa,J-Kubacsny,L/HUN tt Elektromos-Balatonalmádi 1997 (41)}) 10... Be7 $132 {
1/2-1/2 Topalov,V-Short,N/Dortmund 1997/CBM 60}) 8... b4 9. Na4 (9. Nd5 $6 exd5
10. exd5 Bc5 11. Re1+ Kf8 12. Bf4 h6 $17 {0-1 Felix,V-Rehorek,M/Sumperk op
1990 (31)}) 9... Bxe4 10. Bxe4 Nxe4 11. Re1 d5 12. Nxe6 fxe6 13. Qh5+ g6 14.
Qe5 Qf6 15. Rxe4 Qxe5 16. Rxe5 Kf7 17. Re1 Nd7 18. a3 bxa3 $17 {1/2-1/2
Cabrera,A-Garcia,G/Cartagena de Indias 2001/CBM 84 ext (36)}) 8. Na4 (8. Nce2
Nf6 9. O-O (9. Bg5 Be7 10. Qd3 d6 11. O-O Nbd7 $132 {0-1 Gubanov,A-Sakaev,K/St.
Petersburg-ch 1995/CBM 47 (35)}) 9... Bxe4 $1 (9... Nxe4 $5 {[%cal Rg2b7]}) 10.
Bxe4 Nxe4 11. Nf4 Bc5 $1 {1-0 Sutovsky,E-Har Zvi,R/Israel 1998/CBM 64,and
white have no full compensation for sacrified pawn.}) 8... Nf6 9. Bg5 (9. O-O
Nxe4 $5 10. Re1 d5 11. Nxe6 fxe6 12. Qh5+ g6 13. Qe5 Qf6 $5 $17 (13... Qd7 $6
14. Qxh8 Qxa4 15. f3 Nc5 $44 {1-0 Kupreichik,V-Gdanski,P/Leningrad2 1989/CBM
15 (22)})) 9... Qa5 (9... Be7 $1 10. O-O (10. Bxf6 Bxf6 11. Nc5 Qb6 12. Nxb7
Bxd4) 10... Qa5 $5 (10... Bxe4 $2 11. Bxf6 Bxg2 12. Bxe7) (10... Nxe4 $5 11.
Bxe7 Qxe7 (11... Kxe7 12. Qg4 Nf6 13. Nf5+ exf5 14. Qxb4+) 12. Nb6 Ra7 13. Bxe4
Bxe4 14. Nc8 Qc5 15. Nxa7 Qxa7 $13) 11. Bxf6 Bxf6 12. Nb3 (12. c3 Nc6) 12...
Qxa4 13. Nc5 Qc6 14. Nxb7 Be5 $1 15. Nd6+ Qxd6 16. Qxd6 Bxd6 17. e5 Bxe5 18.
Bxa8 Bxb2 $44 {0-1 Bistric,F-Sax,G/Sarajevo 1982 (32)}) 10. Bxf6 gxf6 (10...
Qxa4 11. Nxe6 $5 gxf6 (11... dxe6 12. Qd8#) (11... fxe6 12. Qh5+ g6 13. Qh4 $18
) 12. Nc7+ Kd8 13. Nxa8 Bxa8 14. O-O) 11. c3 Nc6 (11... f5 12. O-O fxe4 13.
cxb4 Bxb4 $44 {1-0 Greenfeld,A-Oratovsky,M/Rishon Le Ziyyon 1997/CBM 62 ext 
(35)}) 12. O-O Bg7 $2 {[%csl Gc5]} (12... Be7) (12... Be7) 13. cxb4 Qxb4 14.
Ne2 $1 {[%csl Gc5][%cal Ya1c1,Ya4c5]} Bh6 15. f4 (15. a3 $16) 15... O-O 16. Rc1
(16. Qxd7 $2 Rfd8) (16. a3 Qe7 17. b4) 16... a5 17. a3 $16 {1/2-1/2 Adams,
M-Kasparov,G/Tilburg 1997/CBM 61}) (6... b4 7. Na4 Bxe4 (7... cxd4 {Ftacnik} 8.
Nxd4 Qa5 9. c3 Nf6 10. O-O Bxe4 11. Bxe4 Nxe4 12. cxb4 Qxb4 {[%mdl 4] Agrest
has won a pawn, but his pieces are visibly underdeveloped. White has few moves
to create some counterplay.} 13. Be3 Be7 14. Nf5 $5 $44 {1-0 Sutovsky,E-Agrest,
E/Harplinge 1998/CBM 67/[Ftacnik] (59)}) 8. O-O cxd4 9. Bg5 Nf6 10. Qxd4 Nc6
11. Qe3 d5 12. c4 bxc3 13. Nxc3 Bxf3 14. Bxf6 gxf6 15. Bxf3 Ne5 $17 {1-0
Plaskett,J-Efimov,I/Mondariz 2000/CBM 79 (28)}) 7. Qe2 {Leads to replace of
moves like as after 6...cd 7.Nd4} (7. e5 $5 Ne4 (7... cxd4 8. Qxd4 Nc6 $5 (8...
Nd5 9. Nxd5 Bxd5 10. O-O Nc6 11. Qf4 Be7 12. Qg4 $14 {1/2-1/2 Sutovsky,
E-Spangenberg,H/Villa Martelli 1997/CBM 60 (42)}) 9. Qe3 Nb4 10. Qe2 Nfd5 11.
Ne4 Qc7 12. c3 Nc6 13. Bf4 Nxf4 $132 {1-0 Ivanov,A-Ginsburg,M/NY Manhattan
1990/CBM 19 (40)}) 8. Nxe4 (8. Ne2 Qc7 9. O-O d6 $132 {Jansa,V-Zapata,A/Zenica
1986/EXT 86/0-1 (58)}) 8... Bxe4 9. Be3 Nc6 10. dxc5 Nxe5 11. O-O $14 {0-1
Disconzi da Silva,R-Sunye Neto,J/Brasilia 1999/CBM 68 ext (54)}) (7. Bg5 cxd4 (
7... b4 8. Na4 cxd4 9. Qxd4 Nc6 10. Qb6 Qxb6 11. Nxb6 Nxe4 12. Nxa8 Bxa8 $44 {
1-0 Hebden,M-Chomet,P/Royan op 1989/EXT 89op (40)}) 8. Qxd4 (8. Nxd4 h6 9. Bxf6
Qxf6 10. O-O Nc6 $11 {1-0 Adams,M-Short,N/Groningen 1997/CBM 63/[Greengard] 
(41)}) 8... Nc6 9. Qe3 h6 10. Bxf6 gxf6 $132 {0-1 Leroy,D-Ivanov,M/Paris 1998/
EXT 2000 (36)}) 7... b4 8. Na4 cxd4 9. Nxd4 Qa5 (9... d5 10. Bg5 Be7 11. exd5
Bxd5 12. O-O-O Qa5 13. f4 Nbd7 14. b3 Bxg2 15. Qxg2 Qd5 16. Qxd5 Nxd5 17. Bxe7
Nxe7 18. Rhe1 Ra7 19. Kb2 O-O 20. a3 bxa3+ 21. Kxa3 $14 {Kupreichik,V-Sax,G/
Muenster op 1996/EXP 55/1-0 (43)}) 10. b3 Nc6 11. Be3 Rc8 (11... Ne7 $5) (11...
Nxd4 12. Bxd4 Qb5 13. Qd3 Be7 14. O-O e5 15. Be3 d5 16. exd5 Bxd5 17. c4 {
1/2-1/2 Hellers,F-Kengis,E/Skolernes Skakklub 1997}) 12. O-O d5 13. Rfd1 $6 {
This sacrifice is not correct because white doesn't have sufficient
compensation for the pawn as it could be seen in future.} (13. e5 Nxe5 14. Nxe6
Qb5 15. Nf4 Qxe2 16. Nxe2 Rxc2 17. Nd4 Rc8 $15) (13. exd5 $5 Nxd5 14. Rfd1 (14.
Bxd5 $2 Qxd5 15. Nb6 Nxd4 $19) 14... Nxe3 15. Qxe3 Be7 $132) 13... dxe4 14.
Nxc6 Rxc6 15. Bd4 (15. Nb2 Be7 $17) 15... e5 $1 {Unexpectable stroke.} 16. Bxe4
(16. Bb2 Qc7 $17) 16... Nxe4 17. Qxe4 f6 $1 $17 {Consolidating the position.}
18. Qf5 Be7 19. Bxe5 {Desperation.Usual 19.Be3 would lead to hard position
with weak white squares on the King's side.} Rc7 $1 $18 {[%csl Rd7][%cal Yf5d7,
Yd1d7] Unpleasant surprise for white.Black covering d7-spot using pin of
white's queen for winning the bishop.} 20. Qg4 Qxe5 21. Qxg7 Qe4 $1 {Leading
to immediate victory.} 22. Qxh8+ Kf7 23. f3 Qe3+ 24. Kf1 Qxf3+ 25. Ke1 Qe4+ 0-1

[Event "Lost Boys op"]
[Site "Antwerp"]
[Date "1999.08.06"]
[Round "7"]
[White "Dgebuadze, Alexandre"]
[Black "Gurevich, Mikhail"]
[Result "1/2-1/2"]
[WhiteElo "2510"]
[BlackElo "2643"]
[Annotator "Gurevich,M"]
[PlyCount "87"]
[EventDate "1999.07.30"]
[EventType "swiss"]
[EventRounds "9"]
[EventCountry "BEL"]
[SourceTitle "EXT 2000"]
[Source "ChessBase"]
[SourceDate "1999.11.16"]
[SourceVersion "1"]
[SourceVersionDate "1999.11.16"]
[SourceQuality "1"]

1. e4 e6 2. d3 c5 3. Nf3 Nc6 4. g3 Bd6 5. Bg2 Bc7 6. Nc3 (6. O-O Nge7 7. Nc3 a6
8. a3 d5 9. Rb1 b5 10. exd5 exd5 11. d4 c4 12. Ne5 $36 {1-0 Visser,Y-Sulskis,S/
Groningen 1997/CBM 62 ext (41)}) 6... Nge7 7. Ng5 $5 f6 (7... h6 8. Nh3 (8. Qh5
g6 9. Qh4 Nd4 $132) 8... d5 9. O-O O-O 10. f4 $13) 8. Nh3 O-O 9. O-O Be5 $5 (
9... d5 10. exd5 exd5 11. Nf4 $36) 10. Ne2 d5 11. c3 d4 12. c4 Rb8 13. f4 Bc7
14. g4 $13 b5 15. cxb5 Rxb5 16. Kh1 $5 {[/\17.f5]} (16. f5 Be5 17. Nhf4 Qd6 $13
) 16... Bd7 17. f5 Qb8 18. Nhf4 Bxf4 19. Nxf4 Qd6 $5 {[/\20...Ne5]} (19... e5
20. Nh5 Qd6 21. b3 Rfb8 22. g5 $40) 20. fxe6 $6 Bxe6 21. Nxe6 Qxe6 22. g5 Ne5
$15 23. gxf6 Rxf6 24. Rxf6 Qxf6 25. Qa4 a6 (25... Qf2 $1 26. Bg5 (26. h3 Nf3
27. Qc4+ Kh8 $19) 26... Qxb2 $17) 26. Bd2 (26. Qc2 Qh4 $15) 26... Rxb2 $17 27.
Rf1 (27. Qe8+ Qf8 28. Qh5 Nxd3 $19) 27... Qg6 28. Qa3 Qb6 (28... Rxd2 $4 29.
Qb3+ $18) (28... Nc4 29. dxc4 Rxd2 30. Qf3 h6 $17) 29. Ba5 Qb5 30. Bc7 Nxd3 $19
31. Bd6 Ng6 32. e5 h6 $6 $138 (32... Rxg2 33. Kxg2 c4 $17) 33. e6 Rxg2 34. Kxg2
Qc6+ 35. Kg1 Qxd6 36. Qxd3 Qxe6 37. Qf5 $13 Qe3+ (37... Qxf5 38. Rxf5 c4 39.
Kf2 $132) 38. Kh1 Ne5 39. Qe6+ Kh7 40. Qf5+ g6 41. Qf6 $1 $11 Qe4+ 42. Kg1 Qg4+
(42... h5 43. h4 $1 $11) 43. Kh1 Qe4+ 44. Kg1 1/2-1/2

[Event "GER-ch 75th"]
[Site "Hoeckendorf"]
[Date "2004.02.05"]
[Round "7"]
[White "Heinemann, Thies"]
[Black "Graf, Alexander"]
[Result "0-1"]
[WhiteElo "2426"]
[BlackElo "2629"]
[Annotator "Gutman,L"]
[PlyCount "62"]
[EventDate "2004.01.30"]
[EventType "swiss"]
[EventRounds "9"]
[EventCountry "GER"]
[SourceTitle "CBM 100"]
[Source "ChessBase"]
[SourceDate "2004.06.01"]
[SourceVersion "1"]
[SourceVersionDate "2004.06.01"]
[SourceQuality "1"]

1. e4 c5 2. Nf3 e6 3. b3 b6 4. c4 Bb7 5. Nc3 Nf6 6. e5 $6 (6. Bd3) 6... Ng4 7.
h3 Nh6 8. Bd3 (8. Be2 $5) 8... f5 9. exf6 Qxf6 10. Rb1 Bxf3 11. Qxf3 Qxf3 12.
gxf3 Nc6 13. Bb2 Be7 14. Rg1 Bf6 15. Be4 O-O 16. Ne2 Rad8 17. Bxf6 Rxf6 18. Rg5
Nf7 19. Rg3 d5 20. Bc2 Nb4 21. Bd1 Nd3+ 22. Kf1 dxc4 23. Nc3 Nfe5 24. Ne4 Rff8
25. bxc4 Rd4 26. Rb3 Nxc4 27. Bc2 Nf4 28. d3 Ne5 29. Ra3 Rf7 30. Nc3 Nexd3 31.
Kg1 Nc1 0-1

[Event "ISR Cup-f"]
[Site "Israel"]
[Date "1998.05.14"]
[Round "5"]
[White "Sutovsky, Emil"]
[Black "Gofshtein, Leonid D"]
[Result "1-0"]
[WhiteElo "2595"]
[BlackElo "2520"]
[Annotator "Har Zvi,R"]
[PlyCount "53"]
[EventDate "1998.05.??"]
[EventType "team"]
[EventRounds "1"]
[EventCountry "ISR"]
[SourceTitle "CBM 065"]
[Source "ChessBase"]
[SourceDate "1998.08.06"]
[SourceVersion "1"]
[SourceVersionDate "1998.08.06"]
[SourceQuality "1"]

1. e4 c5 2. Nf3 e6 3. Nc3 a6 4. g3 Ne7 $6 {never seen this move before,and no
games at all in my database with this move} 5. d4 cxd4 6. Nxd4 Nec6 7. Nb3 d6
8. Bg2 b5 9. O-O Be7 10. f4 Bb7 11. f5 b4 (11... O-O) 12. fxe6 $1 bxc3 13. Rxf7
Qb6+ 14. Kh1 g6 15. Qf3 Qb5 (15... Ne5 16. Rxe7+ Kxe7 17. Bg5+ Ke8 (17... Kxe6
18. Bh3+ Ng4 19. Bxg4+ Ke5 20. Bf6#)) 16. bxc3 Qe5 (16... Qh5 $142 $5 17. Qxh5
(17. Qf1 $5 Qe5) 17... gxh5 18. Nd4 Ne5 $13) (16... Qc4 $5 17. Nd4 $1 Kd8 (
17... Ne5 $4 18. Rxe7+ Kxe7 19. Bg5+ Ke8 20. Qf6) (17... Ra7 18. Be3 $16) 18.
e5 $1 Na5 (18... dxe5 19. Rxe7 Nxe7 (19... Kxe7 20. Qf7+ Kd6 21. Ba3+) 20. Qxb7
$18) 19. Qf2 $16 dxe5 20. Rxe7 Bxg2+ 21. Qxg2 $1 (21. Kxg2 exd4) 21... Kxe7 22.
Ba3+ Kd8 23. Qxa8 $18) 17. Nd4 $1 Qh5 (17... Nxd4 $2 18. Rxe7+ Kxe7 19. Qf7+
Kd8 20. cxd4 Qxd4 21. e7+ (21. Bg5+ $1 Kc8 22. Bf6 $18) 21... Kc8 22. Bh3+) (
17... Nd8 18. Rb1 $1 {the threat Rxb7 followed by Rxb7 Qf7 and Nc6} Bc8 (18...
h5) 19. Rf5 $1 Qg7 (19... gxf5 20. Qh5+ Kf8 (20... Nf7 21. Qxf7+ Kd8 22. Rxb8)
21. Bh6+ Qg7 (21... Kg8 22. Qe8+) 22. Nxf5) 20. e5 Ra7 (20... gxf5 21. Qxa8 $18
) 21. Rxb8 gxf5 22. Nxf5 $18) 18. g4 Qh4 19. Bf4 h5 (19... Ne5 20. Qf1 $1 Nbc6
(20... Nxg4 21. Bg3 Qg5 22. h4 $1 Qc5 23. Rxe7+ Kxe7 24. Qf7+ Kd8 25. e7+) (
20... Nxf7 21. exf7+ Kd7 22. Rb1 Bc6 23. e5 $18) 21. Rb1 Nd8 22. Rxb7 Nxb7 23.
Bxe5 dxe5 24. Nc6) 20. g5 Nd8 $5 21. Rb1 Qg4 (21... Bc6 22. Rxe7+ Kxe7 23. Be5
$1 Rf8 (23... dxe5 24. Qf6+ Kd6 25. e7+ Kd7 26. Nf3 $18)) 22. Rxe7+ {I do not
give this move any ! although it wins nicely Bxd6 was much simpler!! I prefer
simple wins than very nice but complicated ones!} (22. Bxd6 $1 Bxd6 (22... Qxf3
23. Rxe7+) 23. Qf6 Rg8 24. Rfxb7 $18 {the game is over immediately}) 22... Kxe7
23. Bxd6+ Kxd6 (23... Ke8 24. Qf6 {and mate in few moves}) 24. e5+ Kc7 (24...
Kxe5 25. Qf6+ Kd6 26. e7+ Ne6 27. Bxb7 Nd7 28. Qxg6 $18 {[%cal Gd4f5,Gb7a8]}) (
24... Kc5 25. Nb3+ Kb6 26. Nc5+ $3 Kc7 (26... Kxc5 27. Qe3+ Kc4 28. Rb4#) 27.
Rxb7+ Nxb7 (27... Kc8 28. Qd5 $18 {[%cal Gb7b8]}) 28. Qxb7+ Kd8 29. Qb6+ Ke8
30. Bc6+ Kf8 (30... Nxc6 31. Qxc6+ Kf8 32. Qxa8+ Kg7 33. Qb7+ Kg8 34. Qf7#) 31.
Qd8+ Kg7 32. Qe7+ Kg8 33. Qf7#) (24... Ke7 25. Qf6+ Ke8 26. Qxh8+) 25. Rxb7+
Nxb7 (25... Kc8 26. e7 $1 Qxf3 27. exd8=Q+ Rxd8 28. Bxf3 $18) 26. Qxb7+ Kd8 27.
Nc6+ 1-0